| 000 | 00648nam a2200217 u 4500 | ||
|---|---|---|---|
| 005 | 20260217062535.0 | ||
| 008 | 090206s2007 ag r 000 0 spa d | ||
| 020 | _a9789870601098 | ||
| 035 | _aUPN01000168886 | ||
| 049 | _aCG | ||
| 050 | 4 |
_aLC1091 _bC5.2 |
|
| 245 | 0 | 0 |
_aCiudadanía para armar : _baportes para la formación ética y política / _ccomp. Gustavo Schujman. |
| 260 |
_aBuenos Aires : _bAique, _c2007. |
||
| 300 | _a245 p. | ||
| 440 | 0 | _aPolítica y educación | |
| 650 | 4 |
_aCiudadanía _97037 |
|
| 650 | 4 |
_aÉtica política _97545 |
|
| 650 | 7 |
_aÉtica social _2 _99124 |
|
| 700 | 1 |
_aSchujman, Gustavo, _ecomp. |
|
| 905 | _aLibro | ||
| 999 |
_c140992 _d140992 |
||